[Lineárne programovanie pre manažérov]
Recenzia na publikáciu, ktorej cieľom je poskytnúť prehľad o problematike lineárneho programovania, vybraných modeloch a metódach vrátane ilustrácie na konkrétnych príkladoch.
Gespeichert in:
| 1. Verfasser: | |
|---|---|
| Format: | Buchkapitel |
| Sprache: | Slowakisch |
| Schlagworte: | |
| Tags: |
Keine Tags, Fügen Sie das erste Tag hinzu!
|
MARC
| LEADER | 00000naa a2200000 4500 | ||
|---|---|---|---|
| 001 | 0188990 | ||
| 005 | 20240502073209.9 | ||
| 041 | 0 | |a slo | |
| 044 | |a SK | ||
| 245 | 1 | 0 | |a [Lineárne programovanie pre manažérov] |c Andrea Furková |
| 520 | |a Recenzia na publikáciu, ktorej cieľom je poskytnúť prehľad o problematike lineárneho programovania, vybraných modeloch a metódach vrátane ilustrácie na konkrétnych príkladoch. | ||
| 610 | 2 | 0 | |a recenzie |
| 610 | 2 | 0 | |a manažéri |
| 610 | 2 | 0 | |a výskum operačný |
| 610 | 2 | 0 | |a programovanie lineárne |
| 100 | 1 | |a Furková, Andrea, 1975- | |